| 000 | 00879nam0a22002531 4500 | ||
|---|---|---|---|
| 001 | rc\4039853 | ||
| 005 | 20260407054017.0 | ||
| 021 |
_aRU _b[47-2308] |
||
| 035 | _a(NLR Aleph) 008098446 | ||
| 090 |
_a9228566 _c9228566 |
||
| 100 | _a20130415d1947 |||y0rusy50 ca | ||
| 101 | 0 | _arus | |
| 102 | _aRU | ||
| 105 | _ay z ||||| | ||
| 200 | 1 |
_aЗадержание снега и талых вод на полях _fРост. обл. зем. отд. |
|
| 210 |
_a[Ростов-на-Дону] _cРостиздат _d1947 _gТип. изд-ва "Молот" |
||
| 215 |
_a8 с. без обл. _d21 |
||
| 606 |
_aСнегозадержание _2psbo |
||
| 712 | 0 | 2 |
_aРостовский областной земельный отдел _9546359 _3RU\NLR\AUTH\8810024115 |
| 801 | 0 |
_aRU _bNLR _gpsbo |
|
| 801 | 1 |
_aRU _bELAR _2rusmarc |
|
| 852 |
_aNLR _jС14 Г-4/82 |
||
| 942 | _cBOOK | ||
| 980 | _aNB | ||